000 00893nam a2200313 a 4500
003 AR-BaBNM
005 20251128210301.0
008 082120s2002 ||||||||||||||000 | spa||
020 _a0-8270-3172-6
040 _cAR-BaBNM
100 1 _aEncalada, Marco A.
245 0 0 _aLa educación ambiental se enraiza en el continente
260 _aWashington, D.C.
_bOEA
_c1993
300 _a59 p.
_bil.
490 0 _aInteramer
_vv. 28
500 _aOEA: Organización de los Estados Americanos
500 _aNotas: p. 57-59
650 4 _aEDUCACION AMBIENTAL
650 4 _aEDUCACION Y DESARROLLO
650 4 _aDESARROLLO REGIONAL
650 4 _aPLANIFICACION REGIONAL
651 4 _aAmérica
653 _aTEMAS TRANSVERSALES
653 _aPLANEAMIENTO EDUCATIVO
653 _aCONTENIDOS CURRICULARES
800 1 _aCarvalho, Getúlio P.
_edirector
942 _cBK
998 _cRaquel
999 _c14781
_d14781